LEADER 01212nam1 22002651i 450 001 SUN0039736 005 20060426120000.0 010 $a88-7988-116-7 100 $a20051215d2005 |0itac50 ba 101 $aita 102 $aIT 105 $a|||| ||||| 200 1 $aRavenna da capitale imperiale a capitale esarcale$eatti del 17. Congresso internazionale di studi sull'alto Medioevo, Ravenna, 6-12 giugno 2004 210 $aSpoleto$cCentro italiano di studi sull'alto Medioevo$d2005 215 $a2 v. $cill.$d25 cm. 410 1$1001SUN0039752$12001 $aAtti dei congressi$v17$1210 $aSpoleto$cCentro italiano di studi sull'alto Medioevo$d1952-. 463 \1$1001SUN0039744$12001 $a<<>>Ravenna da capitale imperiale a capitale esarcale 1 463 \1$1001SUN0039749$12001 $a<<>>Ravenna da capitale imperiale a capitale esarcale 2 620 $dSpoleto$3SUNL000143 710 12$aCongresso internazionale di studio sull'alto Medioevo$d17.$f2004$eRavenna$3SUNV032929$0730666 712 $aCentro italiano di studi sull'alto Medioevo$3SUNV000539$4650 801 $aIT$bSOL$c20181109$gRICA 912 $aSUN0039736 996 $aRavenna da capitale imperiale a capitale esarcale$91406094 997 $aUNICAMPANIA